000 01617nam0a22003251 4500
001 rc\2842926
005 20250529203307.0
035 _a(NLR Aleph) 007000404
090 _a5715188
_c5715188
100 _a20110630d1927 |||y0rusy50 ca
101 0 _arus
102 _aRU
105 _ay z |||||
200 1 _aТеатры в дни революции. 1917
_fВасилий Безпалов
_gПод ред. с предисл. и примеч. Евг. Кузнецова
210 _aЛенинград
_cAcademia
_d1927
_g2-я тип. Транспечати НКПС
215 _a136 с., [1] с. предисл. на обертке, [4] с. объявл.
_d15х12 см
225 1 _aТеатральные мемуары
_eСудьбы театра и театральный быт в освещении деятелей сцены
_eСерия книг
_fпод общ. ред. П.И. Новицкого и Евг. Кузнецова
_v2
300 _aНа обл. авт. В.Ф. Безпалов
300 _aВ бумажной обертке
300 _aОбл. и обертка: В.М. Ходасевич
700 1 _aБеспалов
_bВ.Ф.
_gВасилий Федорович
702 1 _aКузнецов
_bЕ.
_gЕвг.
_4340
702 1 _4340
_7ca
_8rus
_aНовицкий
_bП. И.
_cискусствовед, литературовед
_f1888-1971
_gПавел Иванович
_9234469
_3RU\NLR\AUTH\770234525
702 1 _aХодасевич
_bВ.М.
_4570
801 0 _aRU
_bNLR
_gpsbo
801 1 _aRU
_bELAR
_2rusmarc
852 _aNLR
_j25/1167(2)
942 _cBOOK
980 _aNB